Signals and systems
Guardat en:
| Autors principals: | , , |
|---|---|
| Format: | Llibre |
| Idioma: | anglès |
| Publicat: |
India.
Pearson India Education Services,
2015
|
| Edició: | Second edition |
| Matèries: | |
| Accés en línia: | Disponible Online |
| Etiquetes: |
Afegir etiqueta
Sense etiquetes, Sigues el primer a etiquetar aquest registre!
|
MARC
| LEADER | 00000cam a2200000 a 4500 | ||
|---|---|---|---|
| 001 | UCC5470 | ||
| 003 | CL-VaPUC | ||
| 005 | 20221027103126.0 | ||
| 008 | 181012e20150000ii |||||||||||||||||eng|d | ||
| 999 | |c 372681 |d 372679 | ||
| 020 | |a 9789332550230 | ||
| 040 | |c Pontificia Universidad Católica de Valparaíso | ||
| 082 | 0 | 4 | |a 621.38 OPP 2015 |2 21 |
| 100 | |a Oppenheim, Alan V. |e author |9 363595 | ||
| 245 | 1 | 0 | |a Signals and systems |
| 250 | |a Second edition | ||
| 260 | |a India. |b Pearson India Education Services, |c 2015 | ||
| 300 | |a 944 páginas | ||
| 583 | |a last modification |c 20181012 13:26:00 |k Rodrigo Vera | ||
| 650 | 0 | |a Teoría de señales |2 CL-VaPUC |9 450664 | |
| 650 | 0 | |a Telecomunicaciones |9 257195 | |
| 650 | 0 | |a Electrónica digital |9 263160 | |
| 650 | 0 | |a Procesamiento de señales |9 260702 | |
| 700 | 0 | |a Willsky, Alan S |e author |9 599774 | |
| 700 | 0 | |a Nawab, S. Hamid |e author |9 599775 | |
| 856 | |u http://bibliografiadigital.pucv.cl/index.php/bibliotecapucv/catalog/book/839 |y Disponible Online | ||
| 942 | |c BK |2 ddc | ||
| 945 | |d 20181012 13:26:00 |a dcastane | ||
| 952 | |0 0 |1 0 |2 ddc |3 erb |4 0 |6 621_380000000000000_OPP_2015 |7 0 |8 A |9 490392 |a BIBING |b BIBING |c RES |i 550578K |o 621.38 OPP 2015 |p 550578K |r 2025-01-20 |w 2019-11-24 |y BK |z Catalogado en:20181012 |k EIE | ||
| 952 | |0 0 |1 0 |2 ddc |3 erb |4 0 |6 621_380000000000000_OPP_2015 |7 0 |8 A |9 490393 |a BIBING |b BIBING |c RES |i 5505739 |o 621.38 OPP 2015 |p 5505739 |r 2025-01-20 |w 2019-11-24 |y BK |z Catalogado en:20181012 |k EIE | ||
| 952 | |0 0 |1 0 |2 ddc |3 erb |4 0 |6 621_380000000000000_OPP_2015 |7 0 |8 A |9 490394 |a BIBING |b BIBING |c RES |i 5505720 |o 621.38 OPP 2015 |p 5505720 |r 2025-01-20 |w 2019-11-24 |y BK |z Catalogado en:20181012 |k EIE | ||
| 952 | |0 0 |1 0 |2 ddc |3 erb |4 0 |6 621_380000000000000_OPP_2015 |7 0 |8 A |9 490395 |a BIBING |b BIBING |c RES |i 5505712 |o 621.38 OPP 2015 |p 5505712 |r 2025-01-20 |w 2019-11-24 |y BK |z Catalogado en:20181012 |k EIE | ||
| 952 | |0 0 |1 0 |2 ddc |3 erb |4 0 |6 621_380000000000000_OPP_2015 |7 0 |8 A |9 490396 |a BIBING |b BIBING |c RES |i 5505704 |o 621.38 OPP 2015 |p 5505704 |r 2025-01-20 |w 2019-11-24 |y BK |z Catalogado en:20181012 |k EIE | ||
| 952 | |0 0 |1 0 |2 ddc |3 erb |4 0 |6 621_380000000000000_OPP_2015 |7 0 |8 A |9 490397 |a BIBING |b BIBING |c RES |i 5505690 |o 621.38 OPP 2015 |p 5505690 |r 2025-01-20 |w 2019-11-24 |y BK |z Catalogado en:20181012 |k EIE | ||
| 952 | |0 0 |1 0 |2 ddc |3 erb |4 0 |6 621_380000000000000_OPP_2015 |7 0 |8 A |9 490398 |a BIBING |b BIBING |c RES |i 5505771 |o 621.38 OPP 2015 |p 5505771 |r 2025-01-20 |w 2019-11-24 |y BK |z Catalogado en:20181012 |k EIE | ||
| 952 | |0 0 |1 0 |2 ddc |3 erb |4 0 |6 621_380000000000000_OPP_2015 |7 0 |8 A |9 490399 |a BIBING |b BIBING |c RES |i 5505763 |o 621.38 OPP 2015 |p 5505763 |r 2025-01-20 |w 2019-11-24 |y BK |z Catalogado en:20181012 |k EIE | ||
| 952 | |0 0 |1 0 |2 ddc |3 erb |4 0 |6 621_380000000000000_OPP_2015 |7 0 |8 A |9 490400 |a BIBING |b BIBING |c RES |i 5505755 |o 621.38 OPP 2015 |p 5505755 |r 2025-01-20 |w 2019-11-24 |y BK |z Catalogado en:20181012 |k EIE | ||
| 952 | |0 0 |1 0 |2 ddc |3 erb |4 0 |6 621_380000000000000_OPP_2015 |7 0 |8 A |9 490401 |a BIBING |b BIBING |c RES |i 5505747 |o 621.38 OPP 2015 |p 5505747 |r 2025-01-20 |w 2019-11-24 |y BK |z Catalogado en:20181012 |k EIE | ||